Filozofia časopis Ústavu filozofie a sociológie SAV

Guardado en:
Detalles Bibliográficos
Formato: Seriadas
Lenguaje:eslovaco
Publicado: Bratislava Veda 1984
Etiquetas: Agregar Etiqueta
Sin Etiquetas, Sea el primero en etiquetar este registro!

MARC

LEADER 00000nas2a2200000 4500
001 s107823
005 20250730114159.9
041 0 |a slo 
044 |a SK 
245 1 0 |a Filozofia  |b časopis Ústavu filozofie a sociológie SAV 
264 1 |a Bratislava  |b Veda  |c 1984 
300 |a 1 zv. 
773 0 |w eu_un_cat*s120050